| 000 | 00523nam a22001577a 4500 | ||
|---|---|---|---|
| 003 | OSt | ||
| 005 | 20251129100606.0 | ||
| 008 | 251129b |||||||| |||| 00| 0 eng d | ||
| 020 | _a84-7151-807-4 | ||
| 040 |
_aDWC-Main lib _cOC |
||
| 082 | _aFil. 220.5 B532 1992 | ||
| 245 |
_aAng bibliya ng kabataan : _bmga piling texto ng bibliya |
||
| 260 |
_aPhilippines : _bDivine Word Publications, _c c1992 |
||
| 300 |
_a189 pages ; _c 7 cm. |
||
| 942 |
_2ddc _cBK - FIL _hFil. 220.5 B532 1992 _kFil. _n0 |
||
| 999 |
_c6594 _d6594 |
||